Años peronistas.

Guardado en:
Formato: Deslizar
Series:Historia de un país: Argentina
Materias:
Etiquetas: Agregar Etiqueta
Sin Etiquetas, Sea el primero en etiquetar este registro!
LEADER 00962ngm a22002415g 4500
001 CEM.cems022816
008 130507b2007##################0###0#####d
005 20241121162643.0
245 0 0 |a Años peronistas. 
300 |a 28'. 
490 0 |a Historia de un país: Argentina 
500 |a En soporte VHS, consultar en ventanilla. 
505 0 |a Gobierno peronista. Recuperación salarial. Evita y el voto femenino. Reforma constitucional del '49. Propaganda política. Sindicalismo. Enfrentamiento con la Iglesia. Bombardeo de Plaza de Mayo. Revolución del 16 de setiembre. 
538 |a Soporte: VHS - Norma: Pal N - Color: Si - Grabación DRD 2007 - Hitachi=2800. 
082 9 8 |/ HIS 
653 |a HISTORIA 
653 |a HISTORIA ARGENTINA 
653 |a PERONISMO 
653 |a CONSTITUCION DEL '49 
653 |a SINDICALISMO 
653 |a NIVEL PRIMARIO 
653 |a NIVEL SECUNDARIO 
859 |a CEMS  |b BIB. CEMS - Depto. Recursos Didacticos  |h 982  |i HIS  |k DRD  |p 1459.12  |t Ej.1